000 00302nam a22001337a 4500
008 171005b xxu||||| |||| 00| 0 eng d
020 _a0534074464
041 _aeng
080 _22ND
_a159.9
100 _a49
101 _aPSI
245 _aCONTEMPORARY PSYCHOTHERAPIES
_cBELKIN,G.S
942 _2udc
_cBK
999 _c32013
_d32013